| 000 | 00779nam a2200193Ia 4500 | ||
|---|---|---|---|
| 003 | OSt | ||
| 005 | 20240416151310.0 | ||
| 008 | 210210b1958 xxu||||| |||| 00| 0 eng d | ||
| 040 | _cAL | ||
| 041 | _aKannada | ||
| 082 | _a853/85 | ||
| 100 |
_aKRASHNAMURTI (K) _dಕೃಷ್ಣಮೂರ್ತಿ ಕೆ _9159896 |
||
| 245 |
_aAbhijnana mrachcha katika: mannina kirubandi _bಅಭಿಜ್ಞಾನ ಮೃಚ್ಛಕಟಿಕ: ಮಣ್ಣಿನ ಕಿರುಬಂಡಿ |
||
| 260 |
_aMaisuru _bSharada Mandira _c1958 |
||
| 650 |
_aShudrakana mula samskrata natakada samagranuvada ಶೂದ್ರಕನ ಮೂಲ ಸಂಸ್ಕ್ರತ ನಾಟಕದ ಸಮಗ್ರಾನುವಾದ _9159897 |
||
| 690 |
_aKannada Drama _9159898 |
||
| 906 | _a019357 | ||
| 942 |
_2ddc _cBK |
||
| 999 |
_c143477 _d143477 |
||